LEADER 01248nam0-22004571i-450- 001 990008468890403321 005 20090918112343.0 010 $a0-387-94823-6 035 $a000846889 035 $aFED01000846889 035 $a(Aleph)000846889FED01 035 $a000846889 100 $a20070214d1997----km-y0itay50------ba 101 0 $aeng 102 $aUS 105 $aa---a---001yy 200 1 $a<>course in homological algebra$fPeter John Hilton, Urs Stammbach 205 $a2nd ed. 210 $aNew York [etc.]$cSpringer-Verlag$dc1997 225 1 $aGraduate texts in mathematics$v4 610 0 $aGeometria algebrica 610 0 $aTopologia 610 0 $aTopologia algebrica 610 0 $aSistemi dinamici 610 0 $aFrattali matematici 610 0 $aAlgebra omologica$aManuali 610 0 $aTeoria della categoria$aManuali 676 $a512'.55 676 $a513 700 1$aHilton,$bPeter John$042007 702 1$aStammbach,$bUrs 801 0$aIT$bUNINA$gRICA$2UNIMARC 901 $aBK 912 $a990008468890403321 952 $a512.55-HIL-1$b4271$fSC1 959 $aSC1 962 $a18-XX 962 $a18GXX 962 $a18EXX 996 $aCourse in homological algebra$9354779 997 $aUNINA LEADER 01343nam--2200409---450- 001 990000381000203316 010 $a88-15-03653-9 035 $a0038100 035 $aUSA010038100 035 $a(ALEPH)000038100USA01 035 $a0038100 100 $a20010329d1992----km-y0itay0103----ba 101 $aita 102 $aIT 105 $a||||||||001yy 200 1 $aAmerica latina$evoglia di benessere$fa cura di Giacomo Corna Pellegrini 210 $aBologna$cIl mulino$d1992 215 $a306 p.$d22 cm 225 2 $aCronache internazionali$fISPI, Istituto per gli stidi di politica internazionale 410 $12001$aCronache internazionali$fISPI, Istituto per gli stidi di politica internazionale 461 1$1001-------$12001 606 0 $aAmerica Latina$xEconomia 606 0 $aAmerica Latina$xRelazioni economiche e commerciali 676 $a330.980038 702 1$aCORNA PELLEGRINI,$bGiacomo 801 0$aIT$bsalbc$gISBD 912 $a990000381000203316 951 $aCOLL. PBZ 2$b1823 EC$cCOLL. PBZ 959 $aBK 969 $aECO 979 $aPATTY$b90$c20010329$lUSA01$h1044 979 $aPATTY$b90$c20010329$lUSA01$h1053 979 $aPATTY$b90$c20010329$lUSA01$h1053 979 $c20020403$lUSA01$h1646 979 $aPATRY$b90$c20040406$lUSA01$h1626 996 $aAmerica latina$9168009 997 $aUNISA